<?xml version="1.0" encoding="UTF-8"?>
<record
    xmlns:xsi="http://www.w3.org/2001/XMLSchema-instance"
    xsi:schemaLocation="http://www.loc.gov/MARC21/slim http://www.loc.gov/standards/marcxml/schema/MARC21slim.xsd"
    xmlns="http://www.loc.gov/MARC21/slim">

  <leader>00645nam a22001937a 4500</leader>
  <datafield tag="999" ind1=" " ind2=" ">
    <subfield code="c">172457</subfield>
    <subfield code="d">172457</subfield>
  </datafield>
  <controlfield tag="005">20200205160013.0</controlfield>
  <datafield tag="010" ind1=" " ind2=" ">
    <subfield code="a">A-60578</subfield>
  </datafield>
  <datafield tag="020" ind1=" " ind2=" ">
    <subfield code="c">40.00</subfield>
    <subfield code="a">-</subfield>
  </datafield>
  <datafield tag="035" ind1=" " ind2=" ">
    <subfield code="a">A-60578</subfield>
  </datafield>
  <datafield tag="037" ind1=" " ind2=" ">
    <subfield code="b">DBAD/PUB</subfield>
    <subfield code="a">-</subfield>
  </datafield>
  <datafield tag="082" ind1=" " ind2=" ">
    <subfield code="a">843.08</subfield>
  </datafield>
  <datafield tag="100" ind1=" " ind2=" ">
    <subfield code="a">&#x635;&#x627; &#x62F; &#x642; </subfield>
  </datafield>
  <datafield tag="245" ind1=" " ind2=" ">
    <subfield code="a">&#x62A;&#x631; &#x642;&#x6CC; &#x67E;&#x633;&#x646;&#x62F; &#x62A;&#x62D;&#x631; &#x64A;&#x6A9; &#x627; &#x648; &#x631; &#x627; &#x631; &#x62F; &#x648; &#x627; &#x641;&#x633;&#x627; &#x646;&#x6C1; (1936-1956)</subfield>
    <subfield code="c">&#x635;&#x627; &#x62F; &#x642; </subfield>
  </datafield>
  <datafield tag="246" ind1=" " ind2=" ">
    <subfield code="b">Taraqee Pasand Tehreek Aur Urdu Afsana(1936-1956) (Urdu)</subfield>
    <subfield code="a">by Dr.Sadiqu</subfield>
  </datafield>
  <datafield tag="260" ind1=" " ind2=" ">
    <subfield code="a">N.Delhi</subfield>
    <subfield code="b">Anjuman Taraqui Urdu</subfield>
    <subfield code="c">1993 &#x621;</subfield>
  </datafield>
  <datafield tag="270" ind1=" " ind2=" ">
    <subfield code="a">Urdu Ghar,Raose Avenew,</subfield>
    <subfield code="b">N.Delhi</subfield>
    <subfield code="e">1</subfield>
    <subfield code="k">-</subfield>
    <subfield code="l">-</subfield>
  </datafield>
  <datafield tag="300" ind1=" " ind2=" ">
    <subfield code="a">264 &#x635; </subfield>
    <subfield code="c">22 Cm(Hb)</subfield>
  </datafield>
  <datafield tag="942" ind1=" " ind2=" ">
    <subfield code="2">ddc</subfield>
    <subfield code="c">UR</subfield>
    <subfield code="h">843.08</subfield>
    <subfield code="m">&#x635; &#x627; &#x62F; </subfield>
  </datafield>
  <datafield tag="952" ind1=" " ind2=" ">
    <subfield code="0">0</subfield>
    <subfield code="1">0</subfield>
    <subfield code="4">0</subfield>
    <subfield code="7">0</subfield>
    <subfield code="8">NFIC</subfield>
    <subfield code="a">L</subfield>
    <subfield code="b">L</subfield>
    <subfield code="d">2020-02-05</subfield>
    <subfield code="e">BPPD/Ven.</subfield>
    <subfield code="g">40.00</subfield>
    <subfield code="l">0</subfield>
    <subfield code="o">843.08 &#x635; &#x627; &#x62F;</subfield>
    <subfield code="p">A-60578</subfield>
    <subfield code="r">2020-02-05 00:00:00</subfield>
    <subfield code="t">1</subfield>
    <subfield code="v">40.00</subfield>
    <subfield code="w">2020-02-05</subfield>
    <subfield code="y">UR</subfield>
  </datafield>
</record>
